000 00424nam a2200181 a 4500
001 6004
005 20180713185845.0
008 140415s1977 ag 000 0 spa d
041 _aspa
082 _a92
_bCUR
100 1 _aCURI, JORGE
245 1 0 _aARRIBA ARGENTINA !!
250 _a1a ed.
260 _aARGENTINA :
_bGOYANARTE,
_c1977
300 _a461
490 _a70
_v26
650 1 4 _aAUTOBIOGRAFIA
999 _c6004
_d6004